000 006460000a22002050004500
001 17783
010 _a972-21-1552-9
100 _a20041222d2003 k y0pory5003 ba
101 0 _apor
102 _aPT
200 1 _aAs duas sombras do rio
_eromance
_fJoão Paulo Borges Coelho
210 _aLisboa
_cCaminho
_d2003
215 _a262 p
225 2 _aOutras margens
_v15
675 _a821.134.3(679)-31"19/20"
_vBN
_zpor
700 _aCoelho
_bJoão Paulo Borges
_f1955-
_914534
801 _aPT
_bBN
_gRPC
090 _a17783
942 _cMON
_n0
999 _a17783